000 00410nam a2200133Ia 4500
008 100328s9999 xx 000 0 und d
082 _b70612
100 _aबोराडे रा.रं.
245 _aनामदार श्रीमती.
260 _bसाकेत.
630 _aनामदार श्रीमती.
730 _aनामदार श्रीमती.
942 _cBOOK
999 _c556337
_d556334